000 00286nam a2200121 a 4500
008 101021s1975|||| d
245 1 0 _aŽelezné dvierka v stene
100 1 _aKatajev, Valentin
260 _bSmena
_aBratislava
_c1975
020 _c16
041 _aslo
044 _axo
_cSK
999 _c11952
_d11952